| 000 | 00376nam a22001457a 4500 | ||
|---|---|---|---|
| 999 |
_c8093 _d8093 |
||
| 003 | OSt | ||
| 005 | 20200706131740.0 | ||
| 008 | 200706b ||||| |||| 00| 0 eng d | ||
| 020 | _a9788496954502 | ||
| 082 |
_a724.6 _bEDE |
||
| 100 | _aEdelmann, Frédéric | ||
| 245 | _aPositions : portrait of a new generation of Chinese architects | ||
| 260 |
_aNew York _bActar |
||
| 942 | _2ddc | ||